Statistics for FIFA 23 TOP 100 PLAYERS

Click here to take the quiz!

General Stats

  • This quiz has been taken 1,405 times
  • The average score is 71 of 100

Answer Stats

RatingPositionClubFootballer% Correct
91STPSGKylian Mbappé
99%
91CFReal MadridKarim Benzema
98%
91RWPSGLionel Messi
98%
91STBarcelonaRobert Lewandowski
98%
90STMan UnitedCristiano Ronaldo
97%
90RWLiverpoolMohamed Salah
97%
91CMMan CityKevin De Bruyne
96%
89LWPSGNeymar Jr
96%
90CBLiverpoolVirgil Van Dijk
96%
88STMan CityErling Haaland
95%
89STTottenhamHarry Kane
95%
90GKBayernManuel Neuer
95%
89LWTottenhamSon Heung-Min
95%
89GKMan CityEderson
93%
90GKReal MadridThibaut Courtois
93%
89GKLiverpoolAlisson
91%
89GKAtlético MadridJan Oblak
91%
88CMReal MadridLuka Modrić
91%
88CMReal MadridToni Kroos
91%
89CDMMan UnitedCasemiro
90%
89CDMChelseaN'Golo Kanté
90%
89CDMBayernJoshua Kimmich
89%
88GKBarcelonaMarc-André ter Stegen
88%
87GKMan UnitedDavid De Gea
87%
87RBLiverpoolTrent Alexander-Arnold
87%
87GKTottenhamHugo Lloris
86%
87CDMMan CityRodri
86%
88GKPSGKeylor Navas
85%
88CBMan CityRúben Dias
85%
88GKPSGGianluigi Donnarumma
83%
86LWReal MadridVinícius Jr
83%
87LBLiverpoolAndrew Robertson
82%
89LMBayernSadio Mané
82%
88LBMan CityJoão Cancelo
81%
84LWLiverpoolLuis Díaz
81%
88CBPSGMarquinhos
81%
87CAMBayernThomas Müller
81%
87CBReal MadridAntonio Rüdiger
79%
84LMBayernLeroy Sané
78%
87CMBarcelonaFrenkie De Jong
77%
86CMLiverpoolThiago
77%
88CAMMan CityBernardo Silva
76%
87CDMLiverpoolFabinho
76%
86GKChelseaÉdouard Mendy
74%
85STInterLautaro Martínez
74%
86CAMMan UnitedBruno Fernandes
73%
87GKAC MilanMike Maignan
72%
86LWChelseaRaheem Sterling
71%
86STInterRomelu Lukaku
71%
87CMBayernLeon Goretzka
70%
86LMBayernKingsley Coman
69%
85LWMan CityPhil Foden
69%
86CBReal MadridDavid Alaba
68%
85CMBarcelonaPedri
68%
86STLazioCiro Immobile
67%
87CMPSGMarco Verratti
67%
86CFRomaPaulo Dybala
67%
85RMBayernSerge Gnabry
67%
86RWMan CityRiyad Mahrez
65%
87CBChelseaKalidou Koulibaly
64%
84CBPSGSergio Ramos
64%
86CFRB LeipzigChristopher Nkunku
63%
84CBReal MadridÉder Militão
63%
86CBMan CityAymeric Laporte
62%
85CDMBarcelonaSergio Busquets
62%
86CMVillarrealDani Parejo
60%
85LBBarcelonaJordi Alba
60%
85CAMDortmundMarco Reus
60%
86CBChelseaThiago Silva
60%
84RBPSGAchraf Hakimi
59%
84LWAC MilanRafael Leão
59%
85LBAC MilanTheo Hernández
59%
86GKFrankfurtKevin Trapp
58%
86CMInterNicolò Barella
58%
85CFLiverpoolDiogo Jota
56%
86CMLazioSergej Milinkovic-Savic
56%
85STCelta VigoIago Aspas
55%
85GKM'gladbachYann Sommer
55%
84CMDortmundJude Bellingham
54%
84CAMArsenalMartin Ødegaard
54%
86GKJuventusWojciech Szczęsny
54%
85CBBayernMatthijs De Ligt
53%
85CAMBetisNabil Fekir
52%
85STVillarrealGerard Moreno
51%
84CAMChelseaKai Havertz
51%
85CFBarcelonaMemphis Depay
50%
84CMReal MadridFederico Valverde
49%
85LBSevillaMarcos Acuña
49%
85CMChelseaJorginho
48%
86CDMInterMarcelo Brozovic
48%
86CBInterMilan Škriniar
48%
85CBDortmundNiklas Süle
48%
85CMJuventusPaul Pogba
46%
84CBAC MilanFikayo Tomori
44%
84CFAtlético MadridJoão Félix
44%
85LMAtlético MadridYannick Carrasco
44%
84RWJuventusÁngel Di María
42%
85GKRB LeipzigPéter Gulácsi
41%
85STLeverkusenPatrik Schick
38%
85LMJuventusFilip Kostić
36%

Score Distribution

Percentile by Number Answered

Percent of People with Each Score

Your Score History

You have not taken this quiz